Normal view
MARC view
Entry Topical Term
001 - CONTROL NUMBER
- control field: 23075
003 - CONTROL NUMBER IDENTIFIER
- control field: ARRUPE
005 - DATE AND TIME OF LATEST TRANSACTION
- control field: 20160321124838.0
008 - FIXED-LENGTH DATA ELEMENTS
- fixed length control field: 160321|| aca||aabn | a|a d
040 ## - CATALOGING SOURCE
- Original cataloging agency: ARRUPE
- Transcribing agency: ARRUPE
150 ## - HEADING--TOPICAL TERM
- Topical term or geographic name as entry element: Feminism
- Geographic subdivision: China.
670 ## - SOURCE DATA FOUND
- Source citation: Work cat.: (ARRUPE)0: Croll, Elisabeth, 1944-2007. 23074, Feminism and socialism in China /, 1978.